Statistiques concernant Grille de mots #12

Cliquez ici pour prendre le quiz!

Statistiques générales

  • Ce quiz a été pris 68 fois
  • Le résultat moyen est 66 sur 82

Statistiques - réponses

Place de la lettreRéponses% Correct
1 AC
90%
1 DP
87%
1 JS
87%
1 EA
85%
1 BA
85%
1 IE
85%
2 JE
85%
1 CM
85%
7 GS
85%
2 DT
85%
6 GE
83%
10 JE
83%
9 BI
83%
2 IL
83%
4 DM
83%
5 GN
83%
2 HO
83%
4 AP
83%
7 BR
83%
8 GS
83%
1 GU
83%
6 BV
83%
2 AA
82%
8 BA
82%
9 AE
82%
5 DE
82%
2 CE
82%
7 AI
82%
2 EI
82%
1 HL
82%
1 FN
82%
6 AN
82%
3 ER
82%
10 IS
82%
10 AS
82%
8 HT
82%
5 AA
80%
9 HA
80%
4 EA
80%
7 CA
80%
2 BB
80%
7 FD
80%
6 JE
80%
5 HE
80%
3 FE
80%
4 CI
80%
8 AL
80%
6 EN
80%
4 BR
80%
6 IS
80%
6 HS
80%
6 DU
80%
10 FA
78%
4 JD
78%
3 BE
78%
4 HE
78%
9 JE
78%
9 DE
78%
8 IE
78%
8 DI
78%
8 FI
78%
9 IL
78%
3 AM
78%
7 DN
78%
8 EN
78%
5 JR
78%
9 CR
78%
10 GS
78%
8 JS
78%
7 JS
78%
8 CT
78%
5 IU
78%
7 IU
78%
3 HU
78%
10 CE
77%
5 FG
77%
5 EI
77%
10 DR
77%
10 ER
77%
5 CS
77%
3 CT
77%
9 FV
77%

Distribution des résultats

Percentile par nombre de réponses

% des personnes avec chaque résultat

Votre développement - résultats

Vous n’avez pas pris ce quiz